MARC details
| 000 -LEADER |
| campo de control de longitud fija |
02494nam a2200457 i 4500 |
| 001 - NÚMERO DE CONTROL |
| campo de control |
154558 |
| 003 - IDENTIFICADOR DE NÚMERO DE CONTROL |
| campo de control |
ES-MaACL |
| 005 - FECHA Y HORA DE LA ÚLTIMA TRANSACCIÓN |
| campo de control |
20251009201305.0 |
| 008 - DATOS DE LONGITUD FIJA--INFORMACIÓN GENERAL |
| campo de control de longitud fija |
931025e1782 sp |r 00| 0dspa d |
| 040 ## - FUENTE DE CATALOGACIÓN |
| Centro/agencia transcriptor |
ES-MaACL |
| 080 ## - NÚMERO DE LA CLASIFICACIÓN DECIMAL UNIVERSAL |
| Número de la Clasificación Decimal Universal |
914"14" |
| 080 ## - NÚMERO DE LA CLASIFICACIÓN DECIMAL UNIVERSAL |
| Número de la Clasificación Decimal Universal |
915"14" |
| 080 ## - NÚMERO DE LA CLASIFICACIÓN DECIMAL UNIVERSAL |
| Número de la Clasificación Decimal Universal |
929 Tamerlán |
| 100 1# - ENTRADA PRINCIPAL--NOMBRE DE PERSONA |
| Nombre de persona |
González de Clavijo, Ruy, |
| Fechas asociadas al nombre |
-1412 |
| Término indicativo de función/relación |
Autor |
| 9 (RLIN) |
58539 |
| 245 10 - MENCIÓN DEL TÍTULO |
| Título |
Historia del gran Tamorlan, e itinerario y enarracion del viage, y relacion de la embajada que Ruy Gonzalez de Clavijo le hizo por mandado del muy poderoso Señor Rey Don Henrique el Tercero de Castilla : |
| Resto del título |
y un breve discurso fecho por Gonzalo Argote de Molina para mayor inteligencia de este libro |
| 246 1# - FORMA VARIANTE DEL TITULO |
| Título propio/Titulo breve |
Historia del gran Tamerlán, e itinerario y narración del viaje |
| 250 ## - MENCION DE EDICION |
| Mención de edición |
Segunda impresion, a que se ha añadido la vida del gran Tamorlan / |
| Resto de la mención de edición |
sacada de los comentarios, que escribio Don Garcia de Silva y Figueroa, y de su embajada al Rey de Persia |
| 260 ## - PUBLICACIÓN, DISTRIBUCIÓN, ETC. |
| Lugar de publicación, distribución, etc. |
En Madrid : |
| Nombre del editor, distribuidor, etc. |
en la Imprenta de Don Antonio de Sancha, |
| Fecha de publicación, distribución, etc. |
1782 |
| 300 ## - DESCRIPCIÓN FÍSICA |
| Extensión |
XIII, 248 páginas ; |
| Dimensiones |
4º (26 cm) |
| 505 0# - NOTA DE CONTENIDO CON FORMATO |
| Nota de contenido con formato |
Vida del Gran Tamorlan / escrita por Pero Mexia. Vida del gran Tamorlan / escrita por Pablo Iovio. Noticias del Gran Tamorlan / de Garcia de Silva |
| 530 ## - NOTA DISPONIBLE DE FORMULARIO FÍSICO ADICIONAL |
| Nota de formato físico adicional disponible |
Disponible en formato digital |
| 597 ## - NOTA A LA DESCRIPCION FISICA |
| Nota |
Sign. : *4, 2*3, A-Z4, 2A-2H4. |
| 597 ## - NOTA A LA DESCRIPCION FISICA |
| Nota |
Viñeta xilográfica en página 248 |
| 600 04 - PUNTO DE ACCESO ADICIONAL DE MATERIA--NOMBRE DE PERSONA |
| Nombre de persona |
Tamerlán, |
| Fechas asociadas al nombre |
1336-1405 |
| 9 (RLIN) |
153939 |
| 651 #4 - PUNTO DE ACCESO ADICIONAL DE MATERIA--NOMBRE GEOGRÁFICO |
| Nombre geográfico |
Asia- |
| Subdivisión general |
Descripción- |
| Subdivisión cronológica |
S.XIV |
| 9 (RLIN) |
7826 |
| 700 1# - ENTRADA AGREGADA--NOMBRE PERSONAL |
| Nombre de persona |
Argote de Molina, Gonzalo, |
| Fechas asociadas al nombre |
1549-1596 |
| Término indicativo de función/relación |
Colaborador |
| 9 (RLIN) |
22705 |
| 700 1# - ENTRADA AGREGADA--NOMBRE PERSONAL |
| Nombre de persona |
Mexía, Pedro, |
| Fechas asociadas al nombre |
1497-1551 |
| Término indicativo de función/relación |
Colaborador |
| 9 (RLIN) |
129885 |
| 700 1# - ENTRADA AGREGADA--NOMBRE PERSONAL |
| Nombre de persona |
Giòvio, Paolo, |
| Fechas asociadas al nombre |
1483-1552 |
| Término indicativo de función/relación |
Colaborador |
| 9 (RLIN) |
163534 |
| 700 1# - ENTRADA AGREGADA--NOMBRE PERSONAL |
| Nombre de persona |
Silva y Figueroa, García de, |
| Fechas asociadas al nombre |
1550-1624 |
| Término indicativo de función/relación |
Colaborador |
| 9 (RLIN) |
106411 |
| 700 1# - ENTRADA AGREGADA--NOMBRE PERSONAL |
| Nombre de persona |
Sancha, Antonio de, |
| Fechas asociadas al nombre |
1720-1790 |
| Término indicativo de función/relación |
Impresor |
| 9 (RLIN) |
241786 |
| 740 02 - ENTRADA AGREGADA--TÍTULO RELACIONADO/ANALÍTICO NO CONTROLADO |
| Título relacionado o analítico no controlado |
Embajada a Tamorlán |
| 740 02 - ENTRADA AGREGADA--TÍTULO RELACIONADO/ANALÍTICO NO CONTROLADO |
| Título relacionado o analítico no controlado |
Vida del gran Tamerlán |
| 752 ## - ENTRADA AGREGADA--NOMBRE JERÁRQUICO DEL LUGAR |
| País o entidad superior |
España - |
| Ciudad |
Madrid |
| 852 4# - LOCALIZACIÓN |
| Ubicación |
ES-MaACL |
| Ubicación en estantería |
Depósito |
| Signatura antigua |
Olim: G-13140 |
| Número de control de estantería |
R-1294(2) |
| Encuadernación |
Pasta española |
| 856 4# - LOCALIZACIÓN Y ACCESO ELECTRÓNICOS |
| Identificador Uniforme de Recursos |
<a href="https://bivaldi.gva.es/es/consulta/registro.do?id=6513">https://bivaldi.gva.es/es/consulta/registro.do?id=6513</a> |
| Texto de enlace |
Versión en línea |
| Nota pública |
(Biblioteca Valenciana Digital: BIVALDI) |
| 856 4# - LOCALIZACIÓN Y ACCESO ELECTRÓNICOS |
| Identificador Uniforme de Recursos |
<a href="https://hdl.handle.net/11441/113031">https://hdl.handle.net/11441/113031</a> |
| Texto de enlace |
Versión en línea |
| Nota pública |
(idUS: Depósito de Investigación Universidad de Sevilla) |
| 856 4# - LOCALIZACIÓN Y ACCESO ELECTRÓNICOS |
| Identificador Uniforme de Recursos |
<a href="https://bibliotecadigital.jcyl.es/es/consulta/registro.do?id=3833">https://bibliotecadigital.jcyl.es/es/consulta/registro.do?id=3833</a> |
| Texto de enlace |
Versión en línea |
| Nota pública |
(Biblioteca Digital de Castilla y León (BDCYL)) |
| 942 ## - ELEMENTOS DE ENTRADA SECUNDARIOS (KOHA) |
| Tipo de ítem Koha |
Libro impreso antiguo |
| Suprimir en OPAC |
No |